000 00705nam a22002177a 4500
999 _c22663
_d22663
003 AR-CdUCM
008 190313b ||||| |||| 00| 0 spa d
020 _a9786124664410
040 _aMUNICIPALIDAD PROVINCIAL DEL CUSCO
_cBIBLIOTECA MUNICIPAL DEL CUSCO
082 _a869.57/V6677C
_bV6677C
100 _aVillar Sánchez, Alexander
_948819
245 _aCosecha de amor /
_cAlexander Villar Sánchez
260 _aLima :
_bLuz de Agosto Editores,
_c2014.
300 _a70 páginas ;
_c21 cm.
650 _aCuentos infantiles peruanos
_93914
650 _aCuentos de costumbres
_948820
650 _aCuentos cajamarquinos
_948821
650 _aSiglo XXI
_948822
942 _2ddc
_cLIBROS
945 _arac